000 00635nam a22002177a 4500
008 240702b mp ||||| |||| 00| 0 mon d
035 _a5894
040 _aZA2481090
_bmon
_cMN-UlNLM
_dMN-UlNLM
_erda
041 _amon
042 _a18018
084 _2NNA
_a84/5мон/-44
_bБ-109
100 _aБаасансүрэн Т.
245 0 _aМонетон бөгж
264 _aУлаанбаатар
_bЗасгийн газрын ХҮ
_c1991
300 _a87х.
336 _2rdacontent
_atext
_btxt
337 _2rdamedia
_aunmediated
_bn
338 _2rdacarrier
_avolume
_bnc
650 _aТал, Оточ
942 _2NNA
_cBK
999 _c1098754
_d1098811